Մաէստրո Քոչարը: (Record no. 68251)
[ view plain ]
| 000 -LEADER | |
|---|---|
| fixed length control field | 00848nam a22002177a 4500 |
| 003 - CONTROL NUMBER IDENTIFIER | |
| control field | SEM |
| 005 - DATE AND TIME OF LATEST TRANSACTION | |
| control field | 20220608074111.0 |
| 008 - FIXED-LENGTH DATA ELEMENTS--GENERAL INFORMATION | |
| fixed length control field | 180814b ||||| |||| 00| 0 arm d |
| 020 ## - INTERNATIONAL STANDARD BOOK NUMBER | |
| International Standard Book Number | 9789939519999 |
| 040 ## - CATALOGING SOURCE | |
| Original cataloging agency | SEM |
| Transcribing agency | SEM |
| 041 0# - LANGUAGE CODE | |
| Language code of text/sound track or separate title | arm |
| 080 ## - UNIVERSAL DECIMAL CLASSIFICATION NUMBER | |
| Universal Decimal Classification number | 92:73/76(47.925)/Ք-82 |
| 245 04 - TITLE STATEMENT | |
| Title | Մաէստրո Քոչարը: |
| Remainder of title | Հուշերի անդրադարձում:/ |
| Statement of responsibility, etc. | Խմբ., կազմ.` Ա. Հովհաննիսյան, Լ. Մարտիրոսյան-Քոչար |
| 260 ## - PUBLICATION, DISTRIBUTION, ETC. | |
| Place of publication, distribution, etc. | Երևան: |
| Name of publisher, distributor, etc. | «Անտարես», |
| Date of publication, distribution, etc. | 2016. |
| 300 ## - PHYSICAL DESCRIPTION | |
| Extent | 311 էջ; |
| Dimensions | 21 սմ |
| 504 ## - BIBLIOGRAPHY, ETC. NOTE | |
| Bibliography, etc. note | Անվանացանկ` էջ 289-309: |
| 650 ## - SUBJECT ADDED ENTRY--TOPICAL TERM | |
| Topical term or geographic name entry element | Հայ քանդակագործներ |
| 700 1# - ADDED ENTRY--PERSONAL NAME | |
| Personal name | Հովհաննիսյան Անատոլի |
| Relationship | edt. |
| -- | comp. |
| Relator term | խմբ. |
| -- | կազմ. |
| 700 1# - ADDED ENTRY--PERSONAL NAME | |
| Personal name | Մարտիրոսյան-Քոչար Լալա |
| Relationship | edt. |
| -- | comp. |
| Relator term | խմբ. |
| -- | կազմ. |
| 942 ## - ADDED ENTRY ELEMENTS (KOHA) | |
| Source of classification or shelving scheme | Universal Decimal Classification |
| Koha item type | Գրքեր/Books |
| Withdrawn status | Lost status | Source of classification or shelving scheme | Damaged status | Not for loan | Collection code | Home library | Current library | Date acquired | Cost, normal purchase price | Inventory number | Total Checkouts | Full call number | Barcode | Date last seen | Price effective from | Koha item type | Public note |
|---|---|---|---|---|---|---|---|---|---|---|---|---|---|---|---|---|---|
| Universal Decimal Classification | Գրապահոց | Մայր Աթոռ Սուրբ Էջմիածին «Վաչե և Թամար Մանուկյան» Մատենադարան | Մայր Աթոռ Սուրբ Էջմիածին «Վաչե և Թամար Մանուկյան» Մատենադարան | 14/08/2018 | 4000.00 | 29188 | 92:73/76(47.925)/Ք-82 | 29188 | 14/08/2018 | 14/08/2018 | Գրքեր/Books | Սպասարկվում է ընթերցասրահ |